Crime and punishment in Ancient India/ (Record no. 11586)

MARC details
000 -LEADER
fixed length control field 00771 a2200217 4500
010 ## - LIBRARY OF CONGRESS CONTROL NUMBER
LC control number ENG-89899
020 ## - INTERNATIONAL STANDARD BOOK NUMBER
International Standard Book Number 8180901065
Terms of availability 400.00
035 ## - SYSTEM CONTROL NUMBER
System control number EN-73432
037 ## - SOURCE OF ACQUISITION
Source of stock number/acquisition DBAD / PUB
082 14 - DEWEY DECIMAL CLASSIFICATION NUMBER
Classification number 954.01
090 ## - LOCALLY ASSIGNED LC-TYPE CALL NUMBER (OCLC); LOCAL CALL NUMBER (OCLC)
-- 11940
-- 11940
100 1# - MAIN ENTRY--PERSONAL NAME
Personal name Gupta, Ram Prasad Das
245 1# - TITLE STATEMENT
Title Crime and punishment in Ancient India/
Statement of responsibility, etc by Ram Prasad Das Gupta
250 ## - EDITION STATEMENT
Edition statement rev. ed
260 ## - PUBLICATION, DISTRIBUTION, ETC. (IMPRINT)
Place of publication, distribution, etc Delhi
Name of publisher, distributor, etc Bharatiya Kala Prakashan
Date of publication, distribution, etc 2007
270 ## - ADDRESS
Address 3421-A, IInd Floor, Narang Colony, Tri Nagar
City Delhi
State or province Delhi
Postal code 110035
Telephone number 27393083, 30967505
300 ## - PHYSICAL DESCRIPTION
Extent xii, 244p.
Dimensions 21 cm. (Hb)
500 ## - GENERAL NOTE
General note Includes bibliographical references & index.
942 ## - ADDED ENTRY ELEMENTS (KOHA)
Institution code [OBSOLETE] dpl
Koha item type English Books
Call number prefix 954.01 / GUP
Holdings
Withdrawn status Lost status Source of classification or shelving scheme Damaged status Not for loan Collection code Home library Current library Source of acquisition Cost, normal purchase price Total Checkouts Full call number Barcode Date last seen Copy number Uniform Resource Identifier Cost, replacement price Price effective from Koha item type
    Dewey Decimal Classification   Not For Loan Non-fiction D.B.Act.Division D.B.Act.Division DBAD/PUB 400.00   954.01 GUP EN-73432 15/09/2008 1 12700 400.00 15/09/2008 English Books

© Delhi Public Library
Hit Counter
free hit counter